| 000 | 00521nam a2200181 4500 | ||
|---|---|---|---|
| 001 | 114062 | ||
| 003 | ES-MaACL | ||
| 005 | 20230906190053.0 | ||
| 007 | t| | ||
| 008 | 061121s1972 sp r ||||1| spa d | ||
| 100 | 1 |
_aNossack, Hans Erich. _986019 |
|
| 245 | 1 | 3 |
_aEl caso d'Arthez / _cHans Erich Nossack ; traducción de Eduardo Subirats. |
| 250 | _a1ª. ed. | ||
| 260 |
_aBarcelona : _bBarral, _c1972. |
||
| 300 |
_a316 p. ; _c20 cm. |
||
| 700 | 1 |
_aSubirats, Eduardo. _9108696 |
|
| 852 |
_aES-MaACL _jC-43564 _bR.83202 |
||
| 999 |
_c114062 _d114062 |
||